Name a Hall of Famer for Each MLB Team - Statistics

General Stats
  • This quiz has been taken 51 times
  • The average score is 21 of 27
Answer Stats
Team # Answer % Correct
New York Yankees 19 Yogi Berra | Earle Combs | Bill Dickey | Joe DiMaggio | Whitey Ford | Lou Gehrig | Lefty Gomez | Joe Gordon | Goose Gossage | Waite Hoyt | Reggie Jackson | Derek Jeter | Tony Lazzeri | Mickey Mantle | Mariano Rivera | Phil Rizzuto | Red Ruffing | Babe Ruth | CC Sabathia
98%
Atlanta Braves 10 Hank Aaron | Tom Glavine | Billy Hamilton | Chipper Jones | Eddie Mathews | Greg Maddux | Phil Niekro | John Smoltz | Warren Spahn
93%
Los Angeles Dodgers 11 Roy Campanella | Don Drysdale | Burleigh Grimes | Gil Hodges | Sandy Koufax | Pee Wee Reese | Jackie Robinson | Duke Snider | Don Sutton | Dazzy Vance | Zack Wheat
89%
Baltimore Orioles 5 Eddie Murray | Jim Palmer | Cal Ripken Jr. | Brooks Robinson | Frank Robinson
89%
Boston Red Sox 12 Wade Boggs | Joe Cronin | Bobby Doerr | Rick Ferrell | Carlton Fisk | Jimmie Foxx | Lefty Grove | Pedro Martinez | David Ortiz | Jim Rice | Ted Williams | Carl Yastrzemski
89%
Seattle Mariners 3 Ken Griffey Jr. | Edgar Martinez | Ichiro Suzuki
87%
Chicago Cubs 11 Ernie Banks | Frank Chance | Kiki Cuyler | Gabby Hartnett | Billy Herman | Ferguson Jenkins | Ryne Sandberg | Ron Santo | Lee Smith | Billy Williams | Hack Wilson
85%
St. Louis Cardinals 10 Lou Brock | Dizzy Dean | Bob Gibson | Stan Musial | Scott Rolen | Red Schoendienst | Ted Simmons | Enos Slaughter | Ozzie Smith | Bruce Sutter
85%
Detroit Tigers 12 Ty Cobb | Mickey Cochrane | Sam Crawford | Hank Greenberg | Harry Heilmann | Hughie Jennings | Al Kaline | George Kell | Heinie Manush | Jack Morris | Hal Newhouser | Alan Trammell
85%
Kansas City Royals 1 George Brett
83%
Pittsburgh Pirates 11 Max Carey | Fred Clarke | Roberto Clemente | Ralph Kiner | Bill Mazeroski | Dave Parker | Willie Stargell | Pie Traynor | Arky Vaughan | Lloyd Waner | Paul Waner
83%
San Francisco Giants 13 Orlando Cepeda | Carl Hubbell | Travis Jackson| George "High Pockets" Kelly | Freddie Lindstrom | Juan Marichal | Willie Mays | Willie McCovey | Christy Mathewson | Gaylord Perry | Bill Terry | Hoyt Wilhelm | Ross Youngs
83%
Arizona Diamondbacks 1 Randy Johnson
83%
Minnesota Twins 7 Bert Blyleven | Rod Carew | Jim Kaat | Harmon Killebrew | Joe Mauer | Tony Oliva | Kirby Puckett
80%
Athletics 4 Dennis Eckersley | Rollie Fingers | Rickey Henderson | Al Simmons
80%
Chicago White Sox 8 Luis Aparicio | Luke Appling | Harold Baines | Red Faber | Nellie Fox | Ted Lyons | Minnie Miñoso | Frank Thomas
80%
Texas Rangers 3 Adrián Beltré | Ivan Rodriguez | Nolan Ryan
76%
Philadelphia Phillies 7 Dick Allen | Richie Ashburn | Jim Bunning | Steve Carlton | Chuck Klein | Robin Roberts | Mike Schmidt
76%
San Diego Padres 3 Tony Gwynn | Trevor Hoffman | Dave Winfield
76%
Cincinnati Reds 7 Johnny Bench | Barry Larkin | Ernie Lombardi | Joe Morgan | Tony Perez | Eppa Rixey | Edd Roush
74%
Houston Astros 3 Jeff Bagwell | Craig Biggio | Billy Wagner
72%
Colorado Rockies 2 Larry Walker | Todd Helton
67%
New York Mets 2 Mike Piazza | Tom Seaver
67%
Cleveland Guardians 12 Earl Averill | Lou Boudreau | Stan Coveleski | Larry Doby | Bob Feller | Addie Joss | Nap Lajoie | Bob Lemon | Joe Sewell | Tris Speaker | Jim Thome | Early Wynn
65%
Milwaukee Brewers 2 Paul Molitor | Robin Yount
65%
Los Angeles Angels 1 Vladimir Guerrero
43%
Toronto Blue Jays 1 Roberto Alomar
41%
No matching quizzes found
Score Distribution
Percent of People with Each Score
Percentile by Number Answered
Your Score History
You have not taken this quiz